[Event "4th GRENKE Open 2019"]
[Site "Karlsruhe"]
[Date "2019.04.22"]
[Round "8.18"]
[White "Papp, Gabor"]
[Black "Perske, Thore"]
[Result "1/2-1/2"]
[WhiteElo "2598"]
[BlackElo "2450"]
[Annotator "TA"]
[PlyCount "174"]
[EventDate "2019.04.18"]
[EventType "swiss"]
[EventCountry "GER"]
[SourceTitle "playchess.com"]
[Source "ChessBase"]
[SourceQuality "1"]

1. d4 Nf6 2. Bf4 d5 3. e3 c5 4. Nd2 Nc6 5. c3 e6 6. Ngf3 cxd4 7. exd4 Nh5 8. Bg5 f6 9. Be3 Bd6 10. g3 O-O 11. Bg2 f5 12. Ne5 f4 13. Qxh5 fxe3 14. fxe3 Bxe5 15. dxe5 g6 16. Qe2 Nxe5 17. Rf1 Rxf1+ 18. Bxf1 Qb6 19. O-O-O Bd7 20. e4 Re8 21. Nb3 Nc4 22. Re1 Nd6 23. exd5 exd5 24. Qd2 Rxe1+ 25. Qxe1 Qg1 26. Nd2 Bh3 27. Qe2 Ne4 28. Kc2 Bf5 29. Nxe4 Bxe4+ 30. Kd2 a6 31. Ke1 Qb6 32. Qf2 Qe6 33. Kd2 Bb1 34. a3 Qe4 35. Qe2 Qc2+ 36. Ke1 Qc1+ 37. Kf2 Be4 38. h4 Kf7 39. Bg2 Bxg2 40. Kxg2 Kf6 41. a4 a5 42. Qf2+ Ke5 43. Qd4+ Ke6 44. Qb6+ Ke5 45. Qc7+ Ke6 46. Qc8+ Ke5 47. Qe8+ Kd6 48. Qf8+ Ke6 49. Qf2 Ke5 50. Qe2+ Kf6 51. Kf2 Qb1 52. g4 h6 53. Qd2 Qe4 54. Qxh6 Qc2+ 55. Ke1 Qb1+ 56. Ke2 Qe4+ 57. Kd2 Qg2+ 58. Kc1 Qh1+ 59. Kc2 Qe4+ 60. Kb3 Qxg4 61. Qf8+ Ke5 62. Qe7+ Qe6 63. Qxb7 d4+ 64. c4 Kf4 65. Qd5 Qe3+ 66. Ka2 d3 67. c5 d2 68. c6 Qe1 69. Qg5+ Kf3 70. Qf6+ Ke3 71. Qe6+ Kf2 72. Qf6+ Ke3 73. Qe7+ Kf2 74. Qc5+ Qe3 75. Qd6 Qe2 76. Qd4+ Kg2 77. Qd5+ Kf2 78. Qd4+ Kg2 79. Qd5+ Kf2 80. Qc5+ Kg2 81. Qd5+ Kf2 82. Qd4+ Kg2 83. Qd5+ Kf2 84. Qc5+ Kg2 85. Qd5+ Kf2 86. Qc5+ Kg2 87. Qd5+ Kf2 1/2-1/2

[Event "4th GRENKE Open 2019"]
[Site "Karlsruhe"]
[Date "2019.04.22"]
[Round "8.19"]
[White "Repka, Christopher"]
[Black "Van Foreest, Jorden"]
[Result "1/2-1/2"]
[WhiteElo "2482"]
[BlackElo "2598"]
[Annotator "ChessBase"]
[PlyCount "65"]
[EventDate "2019.04.18"]
[EventType "swiss"]
[EventCountry "GER"]
[SourceTitle "playchess.com"]
[Source "ChessBase"]
[SourceQuality "1"]

1. d4 f5 2. c4 Nf6 3. Nf3 e6 4. Nc3 Bb4 5. e3 O-O 6. Bd3 b6 7. O-O Bb7 8. Bd2 Bxc3 9. Bxc3 Ne4 10. Bxe4 fxe4 11. Nd2 d6 12. Qg4 Rf6 13. Nxe4 Rg6 14. Qf3 Kh8 15. d5 exd5 16. Ng3 Qg8 17. Rad1 Nd7 18. cxd5 Rf8 19. Qh5 Nf6 20. Bxf6 Rgxf6 21. f4 c6 22. Ne4 Rh6 23. Qg4 cxd5 24. Ng5 Bc8 25. Qf3 d4 26. Rxd4 Qxa2 27. Qe4 Bf5 28. Qe7 Kg8 29. Rc1 Rg6 30. h4 Qxb2 31. Rc7 Qb1+ 32. Kh2 Qe1 33. Rxd6 1/2-1/2

[Event "4th GRENKE Open 2019"]
[Site "Karlsruhe"]
[Date "2019.04.22"]
[Round "8.20"]
[White "Warmerdam, Max"]
[Black "Kozul, Zdenko"]
[Result "1-0"]
[WhiteElo "2472"]
[BlackElo "2589"]
[Annotator "TA"]
[PlyCount "77"]
[EventDate "2019.04.18"]
[EventType "swiss"]
[EventCountry "GER"]
[SourceTitle "playchess.com"]
[Source "ChessBase"]
[SourceQuality "1"]

1. e4 c5 2. Nf3 Nc6 3. d4 cxd4 4. Nxd4 Qb6 5. Nb3 Nf6 6. Nc3 e6 7. a3 d6 8. Bf4 Qd8 9. Qd2 h6 10. Rd1 e5 11. Be3 Be7 12. Be2 O-O 13. O-O Be6 14. f3 Qc8 15. Kh1 Nb8 16. f4 Nbd7 17. f5 Bc4 18. Rf3 Bxe2 19. Qxe2 Re8 20. Rg3 Kh8 21. Rh3 b6 22. g4 Nh7 23. Nd2 Kg8 24. Nf3 Qc6 25. Qg2 Ng5 26. Nxg5 hxg5 27. Rh5 Nf6 28. Bxg5 Nxh5 29. gxh5 Bxg5 30. Qxg5 f6 31. Qg6 Qd7 32. h6 Re7 33. Nd5 Rf7 34. hxg7 Qa4 35. Re1 Rxg7 36. Nxf6+ Kf8 37. Nh7+ Kg8 38. Nf6+ Kf8 39. Qh6 1-0

[Event "4th GRENKE Open 2019"]
[Site "Karlsruhe"]
[Date "2019.04.22"]
[Round "8.21"]
[White "Sonis, Francesco"]
[Black "Bernadskiy, Vitaliy"]
[Result "1/2-1/2"]
[WhiteElo "2467"]
[BlackElo "2587"]
[Annotator "TA"]
[PlyCount "103"]
[EventDate "2019.04.18"]
[EventType "swiss"]
[EventCountry "GER"]
[SourceTitle "playchess.com"]
[Source "ChessBase"]
[SourceQuality "1"]

1. d4 Nf6 2. c4 c5 3. d5 g6 4. Nc3 Bg7 5. e4 d6 6. Bd3 O-O 7. h3 Nbd7 8. Nf3 a6 9. O-O e5 10. Be3 Ne8 11. Qc1 f5 12. Bg5 Qc7 13. exf5 gxf5 14. Nh4 Nb6 15. f3 f4 16. Qc2 Bf6 17. Ne4 Bxg5 18. Nxg5 Nf6 19. Nf5 Kh8 20. g4 fxg3 21. Ne6 Bxe6 22. dxe6 Rae8 23. e7 Rg8 24. f4 g2 25. Rf2 exf4 26. Re1 d5 27. Qe2 Rg6 28. Qe6 dxc4 29. Nh4 Nbd5 30. Nxg6+ hxg6 31. Qf7 cxd3 32. Qf8+ Rxf8 33. exf8=Q+ Kh7 34. Re6 Qd7 35. Re5 Qc7 36. Re6 Qd7 37. Rd6 Qg7 38. Qd8 Qf7 39. Kxg2 c4 40. Kg1 b5 41. Rxa6 b4 42. Rc6 c3 43. Rxf6 Qxf6 44. Qxd5 c2 45. Rf1 Qf5 46. Qb7+ Kh6 47. Qb8 Qc5+ 48. Kh2 c1=Q 49. Qh8+ Kg5 50. Rxc1 Qxc1 51. Qe5+ Kh6 52. Qh8+ 1/2-1/2

[Event "4th GRENKE Open 2019"]
[Site "Karlsruhe"]
[Date "2019.04.22"]
[Round "8.22"]
[White "Kevlishvili, Robby"]
[Black "Wagner, Dennis"]
[Result "1/2-1/2"]
[WhiteElo "2451"]
[BlackElo "2577"]
[Annotator "TA"]
[PlyCount "66"]
[EventDate "2019.04.18"]
[EventType "swiss"]
[EventCountry "GER"]
[SourceTitle "playchess.com"]
[Source "ChessBase"]
[SourceQuality "1"]

1. e4 e5 2. Nf3 Nc6 3. Bb5 a6 4. Ba4 Nf6 5. O-O Be7 6. Re1 b5 7. Bb3 O-O 8. d3 d6 9. a4 Bd7 10. Bd2 b4 11. a5 Rb8 12. Bc4 Qc8 13. Be3 h6 14. h3 Be6 15. Nbd2 d5 16. exd5 Nxd5 17. Qb1 Nxe3 18. Rxe3 Bd6 19. Qa2 Re8 20. Qa4 Bxc4 21. Nxc4 Rb5 22. Rae1 Qe6 23. c3 Qd5 24. Nfd2 bxc3 25. bxc3 Reb8 26. Nxd6 Qxd6 27. Nc4 Qd5 28. Nxe5 Nxe5 29. Rxe5 Qxd3 30. R5e3 Qf5 31. Qc4 Rc5 32. Qxa6 Rxa5 33. Qc4 Rc5 1/2-1/2

[Event "4th GRENKE Open 2019"]
[Site "Karlsruhe"]
[Date "2019.04.22"]
[Round "8.23"]
[White "Carow, Johannes"]
[Black "Gareyev, Timur"]
[Result "0-1"]
[WhiteElo "2434"]
[BlackElo "2560"]
[Annotator "TA"]
[PlyCount "106"]
[EventDate "2019.04.18"]
[EventType "swiss"]
[EventCountry "GER"]
[SourceTitle "playchess.com"]
[Source "ChessBase"]
[SourceQuality "1"]

1. d4 Nf6 2. c4 g6 3. Nc3 d5 4. Nf3 Bg7 5. e3 O-O 6. Qb3 e6 7. Be2 b6 8. cxd5 exd5 9. O-O Bb7 10. Rd1 Nbd7 11. Bd2 Re8 12. Rac1 c6 13. Be1 a5 14. a4 h5 15. Qc2 Qe7 16. Bd3 Ne4 17. Na2 Rec8 18. Qe2 Nf8 19. Rc2 Ne6 20. Rdc1 c5 21. dxc5 bxc5 22. b3 d4 23. Nd2 dxe3 24. fxe3 N4g5 25. Nc3 h4 26. h3 Be5 27. Qg4 f5 28. Qxh4 Kg7 29. Bg3 Bf6 30. Qc4 Rh8 31. Bf1 Rad8 32. h4 Nd4 33. Nd1 Nge6 34. exd4 Bxd4+ 35. Bf2 Rxh4 36. Bxd4+ Rdxd4 37. Qe2 Qd6 38. Nf3 Bxf3 39. gxf3 Ng5 40. Bg2 Qh2+ 41. Kf1 Nh3 42. Qe3 Nf4 43. Qe5+ Kh6 44. Ne3 Rd3 45. Re1 Qg3 46. Qxc5 Nxg2 47. Nxf5+ gxf5 48. Qf8+ Kg5 49. Qg7+ Kf4 50. Re4+ Kxf3 51. Qxg3+ Kxg3 52. Rxg2+ Kf3 53. Re1 Rd2 0-1

[Event "4th GRENKE Open 2019"]
[Site "Karlsruhe"]
[Date "2019.04.22"]
[Round "8.24"]
[White "Raja Harshit"]
[Black "Werle, Jan"]
[Result "0-1"]
[WhiteElo "2432"]
[BlackElo "2556"]
[Annotator "TA"]
[PlyCount "80"]
[EventDate "2019.04.18"]
[EventType "swiss"]
[EventCountry "GER"]
[SourceTitle "playchess.com"]
[Source "ChessBase"]
[SourceQuality "1"]

1. e4 e6 2. d4 d5 3. Nd2 Be7 4. e5 c5 5. c3 cxd4 6. cxd4 Qb6 7. Ndf3 Bb4+ 8. Bd2 Nc6 9. Bxb4 Qxb4+ 10. Qd2 Nge7 11. Bd3 Qxd2+ 12. Kxd2 O-O 13. Ne2 f6 14. h4 Bd7 15. Rac1 Rac8 16. Rhe1 h6 17. Ke3 Be8 18. Ng3 fxe5 19. dxe5 Bg6 20. Bb5 d4+ 21. Kd2 Rcd8 22. h5 Bh7 23. Rc5 Nd5 24. Bxc6 bxc6 25. Ne2 Nb4 26. Nc1 d3 27. Rc4 Nd5 28. Nb3 Nf4 29. Nbd4 Nxg2 30. Rg1 Nf4 31. Rxc6 Ne2 32. Nxe2 Rxf3 33. Nc3 Rxf2+ 34. Ke3 Rh2 35. Rxe6 Rh3+ 36. Kd2 Rh2+ 37. Ke3 Rxh5 38. Re7 g5 39. Rf1 Rh3+ 40. Kd2 Rh2+ 0-1

[Event "4th GRENKE Open 2019"]
[Site "Karlsruhe"]
[Date "2019.04.22"]
[Round "8.25"]
[White "Hakobyan, Aram"]
[Black "Arjun Kalyan"]
[Result "1/2-1/2"]
[WhiteElo "2554"]
[BlackElo "2445"]
[Annotator "TA"]
[PlyCount "70"]
[EventDate "2019.04.18"]
[EventType "swiss"]
[EventCountry "GER"]
[SourceTitle "playchess.com"]
[Source "ChessBase"]
[SourceQuality "1"]

1. Nf3 d5 2. g3 Bg4 3. Bg2 c6 4. O-O Nd7 5. d4 Ngf6 6. c4 e6 7. h3 Bh5 8. cxd5 exd5 9. Ne5 Bg6 10. Nc3 Be7 11. f4 Be4 12. Nxe4 Nxe4 13. Bxe4 dxe4 14. Qb3 Nxe5 15. fxe5 O-O 16. Be3 Bg5 17. Bxg5 Qxg5 18. Rf4 c5 19. Raf1 Qe7 20. e3 Rad8 21. Rxe4 cxd4 22. exd4 Qe6 23. Ref4 Qxb3 24. axb3 f6 25. exf6 Rxf6 26. Rxf6 gxf6 27. Rd1 Rc8 28. Rd2 Kf7 29. Kf2 Ke6 30. Ke3 Rc1 31. h4 Kd5 32. Kf3 Rf1+ 33. Ke2 Rh1 34. Kf3 Rf1+ 35. Ke2 Rh1 1/2-1/2

[Event "4th GRENKE Open 2019"]
[Site "Karlsruhe"]
[Date "2019.04.22"]
[Round "8.26"]
[White "Antal, Gergely"]
[Black "Krause, Benedict"]
[Result "1/2-1/2"]
[WhiteElo "2552"]
[BlackElo "2435"]
[Annotator "TA"]
[PlyCount "143"]
[EventDate "2019.04.18"]
[EventType "swiss"]
[EventCountry "GER"]
[SourceTitle "playchess.com"]
[Source "ChessBase"]
[SourceQuality "1"]

1. e4 c5 2. Nf3 e6 3. d4 cxd4 4. Nxd4 Nc6 5. Nc3 Qc7 6. Be3 a6 7. a3 b5 8. Nxc6 Qxc6 9. Be2 Bb7 10. O-O Rc8 11. Qd2 Qc7 12. Rfd1 Nf6 13. Bf4 e5 14. Bg5 Nxe4 15. Nxe4 Bxe4 16. c4 h6 17. Bh4 Bc6 18. cxb5 axb5 19. Rac1 g5 20. Bg3 Bg7 21. h4 Bf6 22. Qb4 gxh4 23. Bxh4 Bxh4 24. Qxh4 Qd8 25. Qh2 Rg8 26. Qxe5+ Qe7 27. Qxe7+ Kxe7 28. f3 Rg5 29. Kf2 Rcg8 30. Bf1 Ra8 31. Rd4 Ra4 32. Rcd1 Rc5 33. Be2 Rc2 34. R4d2 Rxd2 35. Rxd2 d5 36. Bd1 Rc4 37. Bb3 Rc1 38. Ke3 Kd6 39. Rd1 Rxd1 40. Bxd1 Kc5 41. Kd3 Bd7 42. b4+ Kd6 43. Kd4 f6 44. f4 Be8 45. Bb3 Bc6 46. g3 Bb7 47. a4 bxa4 48. Bxa4 Ba6 49. Bb3 Bb7 50. b5 Ba8 51. Bd1 Bb7 52. Bf3 Ba8 53. Bh5 Bb7 54. Bf7 Ba8 55. f5 Bb7 56. Be6 Ba8 57. b6 Bb7 58. g4 Ba6 59. Bxd5 Be2 60. Ke4 Bxg4 61. Kf4 Be2 62. Be4 Ba6 63. Kg4 Be2+ 64. Kh4 Bd1 65. Kg3 Be2 66. Bf3 Bd3 67. Kg4 h5+ 68. Kf4 h4 69. Bg2 Bc2 70. Kg4 h3 71. Bxh3 Bxf5+ 72. Kxf5 1/2-1/2

[Event "4th GRENKE Open 2019"]
[Site "Karlsruhe"]
[Date "2019.04.22"]
[Round "8.29"]
[White "Moussard, Jules"]
[Black "Spyropoulos, Nikolaos"]
[Result "1/2-1/2"]
[WhiteElo "2598"]
[BlackElo "2400"]
[Annotator "TA"]
[PlyCount "32"]
[EventDate "2019.04.18"]
[EventType "swiss"]
[EventCountry "GER"]
[SourceTitle "playchess.com"]
[Source "ChessBase"]
[SourceQuality "1"]

1. e4 Nf6 2. e5 Nd5 3. d4 d6 4. Nf3 dxe5 5. Nxe5 c6 6. Be2 Bf5 7. O-O Nd7 8. Bg4 Bxg4 9. Qxg4 g6 10. c4 Nxe5 11. dxe5 Nc7 12. Nd2 Bg7 13. Nf3 Ne6 14. Qh4 Qc7 15. Re1 O-O 16. Ng5 Nxg5 1/2-1/2

[Event "4th GRENKE Open 2019"]
[Site "Karlsruhe"]
[Date "2019.04.22"]
[Round "8.30"]
[White "Indjic, Aleksandar"]
[Black "Baskin, Robert"]
[Result "1/2-1/2"]
[WhiteElo "2592"]
[BlackElo "2394"]
[Annotator "TA"]
[PlyCount "118"]
[EventDate "2019.04.18"]
[EventType "swiss"]
[EventCountry "GER"]
[SourceTitle "playchess.com"]
[Source "ChessBase"]
[SourceQuality "1"]

1. d4 Nf6 2. c4 e6 3. Nc3 Bb4 4. Qc2 O-O 5. Nf3 d5 6. a3 Bxc3+ 7. Qxc3 dxc4 8. Qxc4 b6 9. Bg5 Ba6 10. Qa4 Qd7 11. Qc2 c5 12. dxc5 Rc8 13. Bxf6 gxf6 14. Rd1 Qb5 15. e3 Qxc5 16. Qxc5 bxc5 17. Bxa6 Nxa6 18. Nd2 c4 19. Rc1 Rab8 20. Rc2 Nc5 21. Ke2 Na4 22. Rb1 f5 23. Kf3 Nb6 24. Rbc1 Kg7 25. Nxc4 Rxc4 26. Rxc4 Nxc4 27. Rxc4 Rxb2 28. Rc7 a6 29. Rc6 Ra2 30. Rxa6 e5 31. Ra5 f6 32. Ra8 h5 33. h4 Kh7 34. g3 e4+ 35. Kg2 Ra1 36. a4 Kg7 37. a5 Kh7 38. a6 Kg7 39. f4 exf3+ 40. Kxf3 Ra2 41. a7 Ra4 42. Ke2 Ra1 43. Kd3 Ra4 44. Kc3 Ra2 45. Kb4 Ra1 46. Kc5 Ra2 47. Kb6 Rb2+ 48. Kc6 Rc2+ 49. Kd6 Ra2 50. Ke6 Ra5 51. Rd8 Rxa7 52. Rd7+ Rxd7 53. Kxd7 Kh7 54. Kd8 Kh8 55. Kc7 Kg7 56. Kc6 Kg6 57. Kd6 Kh6 58. Kd5 Kh7 59. Kc5 Kg7 1/2-1/2

[Event "4th GRENKE Open 2019"]
[Site "Karlsruhe"]
[Date "2019.04.22"]
[Round "8.31"]
[White "Sumets, Andrey"]
[Black "Schmidek, Emil"]
[Result "1-0"]
[WhiteElo "2588"]
[BlackElo "2393"]
[Annotator "TA"]
[PlyCount "73"]
[EventDate "2019.04.18"]
[EventType "swiss"]
[EventCountry "GER"]
[SourceTitle "playchess.com"]
[Source "ChessBase"]
[SourceQuality "1"]

1. d4 Nf6 2. c4 e6 3. g3 d5 4. Bg2 Be7 5. Nf3 O-O 6. O-O dxc4 7. Qa4 a6 8. Qxc4 b5 9. Qc2 Bb7 10. Bf4 Nd5 11. Nc3 Nxf4 12. gxf4 c5 13. dxc5 Qc7 14. Ng5 Bxg5 15. Bxb7 Qxb7 16. fxg5 Qc7 17. Qe4 Nd7 18. b4 Ne5 19. Rad1 Rad8 20. Qf4 Rxd1 21. Rxd1 f6 22. Ne4 fxg5 23. Qxg5 h6 24. Qg3 g5 25. f3 Rf4 26. Qh3 Ng4 27. Ng3 Rxb4 28. fxg4 Qxc5+ 29. Kh1 Qc2 30. Qf1 Rf4 31. Qg1 Qxa2 32. Qc5 Rf8 33. Qe5 Qb3 34. Rd6 b4 35. Rxe6 Qb1+ 36. Kg2 b3 37. Nf5 1-0

[Event "4th GRENKE Open 2019"]
[Site "Karlsruhe"]
[Date "2019.04.22"]
[Round "8.32"]
[White "Buhmann, Rainer"]
[Black "Hacker, Jonas"]
[Result "1-0"]
[WhiteElo "2581"]
[BlackElo "2392"]
[Annotator "TA"]
[PlyCount "51"]
[EventDate "2019.04.18"]
[EventType "swiss"]
[EventCountry "GER"]
[SourceTitle "playchess.com"]
[Source "ChessBase"]
[SourceQuality "1"]

1. d4 d5 2. c4 e6 3. Nc3 Bb4 4. a3 Bxc3+ 5. bxc3 Nf6 6. cxd5 exd5 7. e3 c5 8. Bd3 O-O 9. Ne2 b6 10. O-O Ba6 11. f3 Re8 12. Ng3 Bxd3 13. Qxd3 Nc6 14. Bb2 c4 15. Qd2 b5 16. Rae1 a5 17. Re2 Qb6 18. Kh1 b4 19. e4 Rad8 20. e5 Nd7 21. f4 Nf8 22. f5 bxc3 23. Bxc3 Qb3 24. Nh5 Qxa3 25. Re3 f6 26. Rg3 1-0

[Event "4th GRENKE Open 2019"]
[Site "Karlsruhe"]
[Date "2019.04.22"]
[Round "8.33"]
[White "Kollars, Dmitrij"]
[Black "D`Costa, Lorin"]
[Result "1-0"]
[WhiteElo "2570"]
[BlackElo "2390"]
[Annotator "TA"]
[PlyCount "69"]
[EventDate "2019.04.18"]
[EventType "swiss"]
[EventCountry "GER"]
[SourceTitle "playchess.com"]
[Source "ChessBase"]
[SourceQuality "1"]

1. c4 c5 2. g3 g6 3. Bg2 Bg7 4. Nc3 Nc6 5. a3 e6 6. Rb1 Nge7 7. b4 d6 8. Nf3 O-O 9. O-O b6 10. e3 Bb7 11. d4 Rc8 12. Qd3 d5 13. cxd5 c4 14. Qc2 exd5 15. b5 Na5 16. a4 Nb3 17. Ba3 Re8 18. Ne5 Nf5 19. Nc6 Bxc6 20. bxc6 Rxe3 21. fxe3 Nxe3 22. Qf2 Nxf1 23. Rxb3 cxb3 24. Nxd5 Kh8 25. c7 Qd7 26. Kxf1 Qxa4 27. Bb2 Qa2 28. Be4 f5 29. Bd3 Qa4 30. Qe2 Qc6 31. Bc4 b5 32. Bxb3 a5 33. Qe7 Re8 34. Qxe8+ Qxe8 35. Nb6 1-0

[Event "4th GRENKE Open 2019"]
[Site "Karlsruhe"]
[Date "2019.04.22"]
[Round "8.34"]
[White "Noe, Christopher"]
[Black "Colpe, Malte"]
[Result "1/2-1/2"]
[WhiteElo "2537"]
[BlackElo "2374"]
[Annotator "TA"]
[PlyCount "83"]
[EventDate "2019.04.18"]
[EventType "swiss"]
[EventCountry "GER"]
[SourceTitle "playchess.com"]
[Source "ChessBase"]
[SourceQuality "1"]

1. Nf3 d5 2. d4 Nf6 3. e3 e6 4. c4 a6 5. Nbd2 dxc4 6. Bxc4 c5 7. dxc5 Bxc5 8. O-O O-O 9. Be2 Qe7 10. a3 Rd8 11. b4 Bd6 12. Bb2 b5 13. Qc2 Nbd7 14. Ne4 Nxe4 15. Qxe4 Rb8 16. Rfd1 Nf6 17. Qh4 Bb7 18. Ne5 Rbc8 19. Rac1 Bd5 20. Rxc8 Rxc8 21. Qd4 Qc7 22. f3 Be7 23. e4 Bb7 24. Rc1 Qb8 25. Rxc8+ Qxc8 26. Bd3 Qc7 27. g3 Kf8 28. Kg2 Ke8 29. g4 Bf8 30. a4 bxa4 31. b5 Bc5 32. Qc3 a5 33. Ba3 Bd6 34. Nc4 Bxh2 35. e5 Nd5 36. Qxa5 Qxa5 37. Nxa5 Bxe5 38. Bxh7 Bc8 39. Nc4 Bc7 40. Bc2 Nb6 41. Nxb6 Bxb6 42. Bxa4 1/2-1/2

[Event "4th GRENKE Open 2019"]
[Site "Karlsruhe"]
[Date "2019.04.22"]
[Round "8.35"]
[White "Annaberdiev, Meilis"]
[Black "Miedema, David"]
[Result "1-0"]
[WhiteElo "2525"]
[BlackElo "2369"]
[Annotator "TA"]
[PlyCount "61"]
[EventDate "2019.04.18"]
[EventType "swiss"]
[EventCountry "GER"]
[SourceTitle "playchess.com"]
[Source "ChessBase"]
[SourceQuality "1"]

1. d4 Nf6 2. Nf3 d5 3. c4 e6 4. Nc3 Bb4 5. Qa4+ Nc6 6. cxd5 exd5 7. Bg5 O-O 8. e3 Re8 9. Bb5 Re6 10. O-O Bxc3 11. bxc3 Ne7 12. Bd3 Ne4 13. Qc2 f6 14. Bf4 g5 15. Bg3 h5 16. c4 Rc6 17. h4 Nxg3 18. fxg3 g4 19. Nd2 Kg7 20. Rab1 a6 21. a4 b6 22. Kh2 f5 23. Qb2 Rf6 24. cxd5 Ng6 25. Rbc1 Bd7 26. Qc2 Qe7 27. Bxf5 Bxf5 28. Rxf5 Rc8 29. Rxf6 Qxf6 30. Ne4 Qd8 31. d6 1-0

[Event "4th GRENKE Open 2019"]
[Site "Karlsruhe"]
[Date "2019.04.22"]
[Round "8.36"]
[White "Ondersteijn, Niels"]
[Black "Kunin, Vitaly"]
[Result "0-1"]
[WhiteElo "2390"]
[BlackElo "2520"]
[Annotator "TA"]
[PlyCount "72"]
[EventDate "2019.04.18"]
[EventType "swiss"]
[EventCountry "GER"]
[SourceTitle "playchess.com"]
[Source "ChessBase"]
[SourceQuality "1"]

1. c4 b6 2. e4 Bb7 3. Nc3 e5 4. Nf3 Nc6 5. g3 Bc5 6. Bg2 Nge7 7. O-O O-O 8. a3 a5 9. d3 d6 10. Na4 Nd4 11. Rb1 Nxf3+ 12. Bxf3 Bd4 13. Be3 Qd7 14. Nc3 Bxc3 15. bxc3 f5 16. c5 f4 17. cxd6 Qxd6 18. Bc1 Ba6 19. c4 Rad8 20. gxf4 exf4 21. Rb3 Bxc4 22. dxc4 Qg6+ 23. Kh1 Rxd1 24. Rxd1 Nc6 25. Bb2 Qe6 26. e5 Ne7 27. Bd5 Nxd5 28. cxd5 Qf5 29. Rbd3 f3 30. e6 g6 31. Rc3 Rd8 32. e7 Re8 33. Rxc7 Qg5 34. Rg1 Qxd5 35. Re1 Qd2 36. Bc3 Qxf2 0-1

[Event "4th GRENKE Open 2019"]
[Site "Karlsruhe"]
[Date "2019.04.22"]
[Round "8.37"]
[White "Goumas, Georgios"]
[Black "Shyam, Sundar M."]
[Result "1/2-1/2"]
[WhiteElo "2386"]
[BlackElo "2519"]
[Annotator "TA"]
[PlyCount "112"]
[EventDate "2019.04.18"]
[EventType "swiss"]
[EventCountry "GER"]
[SourceTitle "playchess.com"]
[Source "ChessBase"]
[SourceQuality "1"]

1. e4 c5 2. Nf3 d6 3. d4 cxd4 4. Nxd4 Nf6 5. Nc3 a6 6. Be2 e5 7. Nf3 Be7 8. Bg5 Be6 9. Bxf6 Bxf6 10. Nd5 Nd7 11. Bc4 Rc8 12. Qe2 Nb6 13. Nxb6 Qxb6 14. Bxe6 fxe6 15. c3 O-O 16. O-O Be7 17. Rad1 Qa5 18. a3 Qa4 19. Ne1 Rf4 20. f3 Rf7 21. Nc2 Qc6 22. Kh1 g5 23. Ne3 h5 24. g4 h4 25. Kg2 Kg7 26. Rd3 Rcf8 27. Qd1 Rf4 28. Qb3 R8f6 29. Qd1 Rf7 30. Qd2 h3+ 31. Kg3 Qe8 32. Qe2 Qh8 33. Kf2 Rxe4 34. Ke1 Ref4 35. Kd1 Qh7 36. Kc1 e4 37. fxe4 Qxe4 38. Re1 Qa4 39. Nd1 Qc4 40. Rxh3 Qxe2 41. Rxe2 R7f6 42. Ne3 Re4 43. Kd2 d5 44. Nc2 Rxe2+ 45. Kxe2 Bc5 46. Rf3 Rxf3 47. Kxf3 e5 48. Ne3 Bxe3 49. Kxe3 b5 50. b4 Kf6 51. Kd3 Ke6 52. Ke3 e4 53. Kd2 Ke5 54. Ke3 Ke6 55. Kd2 Kd6 56. Ke2 Ke5 1/2-1/2

[Event "4th GRENKE Open 2019"]
[Site "Karlsruhe"]
[Date "2019.04.22"]
[Round "8.38"]
[White "Soham Das"]
[Black "Dragnev, Valentin"]
[Result "1/2-1/2"]
[WhiteElo "2367"]
[BlackElo "2514"]
[Annotator "TA"]
[PlyCount "43"]
[EventDate "2019.04.18"]
[EventType "swiss"]
[EventCountry "GER"]
[SourceTitle "playchess.com"]
[Source "ChessBase"]
[SourceQuality "1"]

1. e4 e5 2. Nf3 Nc6 3. Bc4 Bc5 4. O-O Nf6 5. d3 a6 6. c3 Ba7 7. Nbd2 O-O 8. h3 d6 9. Bb3 Nh5 10. Nc4 Qf6 11. Ne3 Bxe3 12. Bxe3 Be6 13. d4 Bxb3 14. Qxb3 Rab8 15. d5 Nd8 16. Qd1 Qe7 17. Bg5 f6 18. Be3 g6 19. c4 Ng7 20. Rc1 c5 21. dxc6 Nxc6 22. Qd5+ 1/2-1/2

[Event "4th GRENKE Open 2019"]
[Site "Karlsruhe"]
[Date "2019.04.22"]
[Round "8.39"]
[White "Malakhatko, Vadim"]
[Black "Gatineau, Yovann"]
[Result "1-0"]
[WhiteElo "2508"]
[BlackElo "2366"]
[Annotator "RC"]
[PlyCount "73"]
[EventDate "2019.04.18"]
[EventType "swiss"]
[EventCountry "GER"]
[SourceTitle "playchess.com"]
[Source "ChessBase"]
[SourceQuality "1"]

1. c4 c6 2. Nf3 d5 3. e3 Nf6 4. Nc3 e6 5. d4 Nbd7 6. Bd3 dxc4 7. Bxc4 b5 8. Bd3 Bd6 9. a3 O-O 10. O-O Bb7 11. Bd2 e5 12. Ng5 c5 13. Nxb5 Bb8 14. d5 h6 15. Ne4 Nxe4 16. Bxe4 f5 17. Bc2 e4 18. d6 Qb6 19. Bc3 Qxb5 20. Ba4 Qb6 21. Bxd7 Bxd6 22. Ba5 Qxa5 23. Qxd6 Rad8 24. Rfd1 Bc8 25. Qe6+ Kh8 26. Bxc8 Rxc8 27. Rd7 Qb5 28. b3 c4 29. Qe7 Rg8 30. bxc4 Rxc4 31. Rad1 Qb2 32. Qf7 Rcc8 33. h3 a5 34. R1d6 Qc1+ 35. Kh2 Rc6 36. Rd8 Rxd6 37. Qxg8# 1-0

[Event "4th GRENKE Open 2019"]
[Site "Karlsruhe"]
[Date "2019.04.22"]
[Round "8.40"]
[White "Baldauf, Marco"]
[Black "Pranav Anand"]
[Result "0-1"]
[WhiteElo "2493"]
[BlackElo "2359"]
[Annotator "TA"]
[PlyCount "68"]
[EventDate "2019.04.18"]
[EventType "swiss"]
[EventCountry "GER"]
[SourceTitle "playchess.com"]
[Source "ChessBase"]
[SourceQuality "1"]

1. Nf3 d5 2. g3 Nf6 3. Bg2 e6 4. d4 b5 5. O-O Be7 6. a4 b4 7. c4 bxc3 8. Nxc3 a5 9. Bf4 O-O 10. Ne5 Ba6 11. Qd2 c6 12. Rfc1 Qb6 13. Rc2 Rc8 14. Rac1 Bb7 15. e4 Na6 16. exd5 cxd5 17. Nb5 Ne8 18. Nd7 Qd8 19. Nc5 Bxc5 20. dxc5 Nb4 21. Rc4 Bc6 22. Rxb4 axb4 23. b3 Qa5 24. Bf1 Nf6 25. Qd4 Nd7 26. Bd6 Nf6 27. Be5 Ne8 28. Qg4 Qd8 29. Qxb4 f6 30. Bc3 e5 31. Bg2 Rab8 32. Qg4 Bxb5 33. axb5 Rxc5 34. b4 Rc7 0-1

[Event "4th GRENKE Open 2019"]
[Site "Karlsruhe"]
[Date "2019.04.22"]
[Round "8.41"]
[White "Pijpers, Arthur"]
[Black "Parkhov, Yair"]
[Result "1/2-1/2"]
[WhiteElo "2485"]
[BlackElo "2352"]
[Annotator "TA"]
[PlyCount "88"]
[EventDate "2019.04.18"]
[EventType "swiss"]
[EventCountry "GER"]
[SourceTitle "playchess.com"]
[Source "ChessBase"]
[SourceQuality "1"]

1. e4 e6 2. d4 d5 3. Nc3 Bb4 4. e5 Ne7 5. a3 Bxc3+ 6. bxc3 c5 7. Qg4 Kf8 8. a4 Nbc6 9. Nf3 Qa5 10. Bd2 c4 11. Be2 b5 12. O-O bxa4 13. Ra2 Ba6 14. Rfa1 Bb5 15. Bc1 h6 16. Rb1 a6 17. h4 Nf5 18. Bf1 Ke8 19. Qf4 h5 20. g3 Kd7 21. Bh3 g6 22. Qd2 Ra7 23. Ba3 Kc8 24. Bc5 Rb7 25. Ne1 Qc7 26. Ba3 Qa5 27. Rd1 Kb8 28. Ng2 Ka8 29. Nf4 Nce7 30. Bb4 Qc7 31. Raa1 Bd7 32. Re1 Rhb8 33. Ng2 Rxb4 34. cxb4 c3 35. Qg5 Rxb4 36. Ne3 Bc8 37. Bxf5 Nxf5 38. Nxf5 exf5 39. Qh6 Rxd4 40. e6 Rg4 41. exf7 Rxg3+ 42. Kf1 Qc4+ 43. Re2 Rg1+ 44. Kxg1 Qg4+ 1/2-1/2